00242nam a2200109 4500020001800000082001200018100001900030245004000049260002000089300000900109650001400118 a9788130913049 a540 NIN aNinan,Aleyamma aChemistry:explanations and practice aNew DelhibViva a149p achemistry